| 000 | 00616nam a2200217 i 4500 | ||
|---|---|---|---|
| 001 | 28472 | ||
| 003 | ES-MaACL | ||
| 005 | 20230906153848.0 | ||
| 007 | t| | ||
| 008 | 030117s1964 sp ||||1| cat d | ||
| 100 | 1 |
_aBaixeras, José A. _924749 |
|
| 245 | 1 | 2 |
_aL'anell al dit / _cJosé A. Baixeras ; proleg de Josep M. Llompart. |
| 250 | _a1ª ed. | ||
| 260 |
_aBarcelona : _bProa, _c1964 ( _fImp. Clarasó) |
||
| 300 |
_a234 p. ; _c17 cm. |
||
| 490 | 1 |
_aA tot vent ; _v106 |
|
| 700 | 1 |
_aLlompart, Josep M. _972812 |
|
| 830 | 0 |
_aA tot vent ; _v106 _9180884 |
|
| 852 |
_aES-MaACL _jC-26510 |
||
| 999 |
_c28472 _d28472 |
||